000 00485nam a2200193Ia 4500
003 OSt
005 20220926045134.0
006 a|||||r|||| 00| 0
007 ta
008 220923b |||||||| |||| 00| 0 eng d
037 _cGeneral Book
040 _aRTL
_cRTL
_beng
041 _2eng
_aeng
082 _aXx3.M, D5
245 0 _aPolitical economy
_b Expositions of its fundamental
260 _c1905
942 _hXx3.M, D5
_cGB
_2CC
999 _c676806
_d676806